Loading...
Transport planning and policy in India
| Main Author: | |
|---|---|
| Format: | Printed Book |
| Published: |
Bombay
HPH
1997
|
| Subjects: |
| LEADER | 00431cam a2200145ua 4500 | ||
|---|---|---|---|
| 020 | |a 81-7493-320-4 | ||
| 082 | |a 388.0954 |b DAL/T | ||
| 100 | |a Dalvi, M.Q | ||
| 245 | 1 | 0 | |a Transport planning and policy in India |
| 260 | |a Bombay |b HPH |c 1997 | ||
| 300 | |a 313p. | ||
| 650 | 0 | |a Transportation | |
| 942 | |c BK | ||
| 999 | |c 9705 |d 9705 | ||
| 952 | |0 0 |1 0 |4 0 |6 388_095400000000000_DALT |7 0 |9 10115 |a KUCL |b KUCL |d 2014-05-23 |l 0 |o 388.0954 DAL/T |p 03042 |r 2014-05-23 |y BK | ||